History Quiz

Random History or State Quiz

Before the senate Quiz Stats

 Plays Quiz not verified by Sporcle

Score 0/100 Timer 15:00
0 Plays Today
Before the Senate Senator % Correct
Mountaineer, State House, CongressmanMark Udall
84.2%
President of County Council, County ExecutiveChris Coons
84.2%
Territorial Legislature, CongressmanDaniel Inouye
84.2%
Capital Intern, Deputy Assistant Attorney General, County Judge/ExecutiveMitch McConnell
84.2%
Ophthalmologist, Founder of Anti Tax GroupRand Paul
84.2%
Town Assessor, Town Selectman, State House, State SenateScott Brown
84.2%
Special Counsel-HUD, CongresswomanKirsten Gillibrand
84.2%
State Senator, CongressmanJack Reed
84.2%
Mayor, Unsuccessful candidate for Senator and Governor, CongressmanBernie Sanders
84.2%
Mayor's task force on the homeless, State HouseLisa Murkowski
78.9%
Navy Liaison to US Senate, CongressmanJohn McCain
78.9%
Optometrist, School Board, CongressmanJohn Boozman
78.9%
Journalist, Congressional Aide,President of the Board of Supervisors, CongresswomanBarbara Boxer
78.9%
City Commissioner, Speaker of State HouseMarco Rubio
78.9%
Board of Voter Registration, State House, Congresswoman, First Lady of StateOlympia Snowe
78.9%
Senate Youth Program Delegate,Congressional Aide, Regional Director Small Business Administration, Deputy State Treasurer of neighboring state, Unsuccessful candidatae for GovernorSusan Collins
78.9%
City Council, Unsuccessful candidate for Senate, CongresswomanBarbara Mikulski
78.9%
Political commentator and activistAl Franken
78.9%
City Attorney, Congressman, Lieutennant Governor, Chairman, State Gaming Commission, Unsuccessful candidate for SenateHarry Reid
78.9%
Counsel to State Constitutional Convention, State Attorney GeneralJeff Bingaman
78.9%
State Assemblyman, CongressmanCharles Schumer
78.9%
State Auditor General, State TreasurerBob Casey
78.9%
City Government Study Commission, CongressmanPat Toomey
78.9%
State House, Vice Chairman-National Transportation Safety Board, BusinesswomanKay Bailey Hutchison
78.9%
School District Board of Directors, State SenatePatty Murray
78.9%
Peace Corps Assistant Director, State House, State Secretary of State, GovernorJay Rockefeller
78.9%
State House, State Senate, Unsuccessful candidate for Governor, State Secretary of State, GovernorJoe Manchin
78.9%
Chairman-State Democratic Party, Businessman, Basketball Team OwnerHerb Kohl
78.9%
Lawyer, Lobbyist, CongressmanJohn Kyl
73.7%
President of the Board of Supervisors, Mayor, Unsuccessful candidate for GovernorDianne Feinstein
73.7%
Chief of Staff to Mayor, Superintendent of Public SchoolsMichael Bennet
73.7%
State Senate Majority Leader, State Attorney GeneralJoe Lieberman
73.7%
High School Principal, State Office of Economic Opportunity,Human Resources Assistant to Governor, CongressmanDaniel Akaka
73.7%
Senate Intern, Legal Counsel to State Senate, CongressmanDick Durbin
73.7%
Before the Senate Senator % Correct
City Board of School Commissioners, Mayor, President National League of CitiesRichard Lugar
73.7%
Congressman, Senator*, Ambassador to GermanyDan Coats
73.7%
Speaker of the State House, CongressmanBen Cardin
73.7%
Spokesman for Vietnam Veterans against the war, Assistant District Attorney, Lieutenant GovernorJohn Kerry
73.7%
County Clerk, State Secretary of State, Congressman. House Minority Whip, House Interim Majority LeaderRoy Blunt
73.7%
School Board of Trustees, State Senate PresidentJon Tester
73.7%
US Trade Representative, Director-OMB, CongressmanRob Portman
73.7%
State House, State Senate Minority Leader, Unsuccessful candidate for Governor, Mayor, CongressmanJames Inhofe
73.7%
Founder of state Grey Panthers, CongressmanRon Wyden
73.7%
President-Market research firm, CongressmanJim DeMint
73.7%
District Judge, State Supreme Court, State Attorney GeneralJohn Cornyn
73.7%
State House, Congresswoman, Marketing Vice PresidentMaria Cantwell
73.7%
Businessman, CEORon Johnson
73.7%
US Attorney, Failed nominee for US District Court Judge,State Attorney GeneralJeff Sessions
68.4%
City Assembly,Unconfirmed appointee to State University Board of Regents, MayorMark Begich
68.4%
Senate Aide, US Attorney, Chair of state crime commission, State House, State Senate, State Attorney GeneralRichard Blumenthal
68.4%
State Treasurer, Congressman, GovernorThomas Carper
68.4%
State House, Congressman, Astronaut, State Treasurer and Insurance CommissionerBill Nelson
68.4%
Lawyer, CongressmanSaxby Chambliss
68.4%
Congressional Staff, Special Assistant to Assistant Secretary of State, CongressmanMark Kirk
68.4%
Congressional Aide, CongressmanTom Harkin
68.4%
Real Estate Agent, State House, State TreasurerMary Landrieu
68.4%
Law Professor, State House, CongressmanDavid Vitter
68.4%
State Assistant Police Officer and General Council, City Council PresidentCarl Levin
68.4%
County Attorney, Legal advisor to Vice PresidentAmy Klobuchar
68.4%
Head of Nixon's state campaign, CongressmanThad Cochran
68.4%
County Prosecutor, State House, State Auditor, Unsuccessful candidate for Governor Claire McCaskill
68.4%
County Board, City Council, Mayor, Governor, Secretary of AgricultureMike Johanns
68.4%
State Senator, Governor, Unsuccessful candidate for Senate, Director Harvard Institute of PoliticsJeanne Shaheen
68.4%
Clerk for State Supreme Court, Deputy State Attorney General, State Attorney GeneralKelly Ayotte
68.4%
Executive Director, Port Authority, US Senator*Frank Lautenberg
68.4%
Board of Education, Mayor, State Assembly, State Senate, CongressmanBob Menendez
68.4%
Clerk, Court of Appeals, State Attorney General, CongressmanTom Udall
68.4%
Capital intern, State SenatorKay Hagan
68.4%
Before the Senate Senator % Correct
State House, State Secretary of State, CongressmanSherrod Brown
68.4%
Medical doctor, CongressmanTom Coburn
68.4%
Fellow-Department of Defense, Speaker of State AssemblyJeff Merkley
68.4%
State Commissioner of Finance and Administration, MayorBob Corker
68.4%
Janitor, Construction worker, Attorney Orrin Hatch
68.4%
Clerk-US District Court and US Court of Appeals, US Attorney, General Counsel to Governor, Clerk-Supreme CourtMike Lee
68.4%
House Committee Staff, Assistant Secretary of Defense, Secretary of the NavyJim Webb
68.4%
Businessman, Mayor, State House, State SenateMike Enzi
68.4%
City Prosecutor, US Magistrate, Special Assistant Attorney General, State Senator, CongressmanRichard Shelby
63.2%
Private practice Attorney, State House, State Attorney GeneralMark Pryor
63.2%
State House, Unsuccessful candidate for Governor, State Senate, CongressmanJohnny Isakson
63.2%
Court Clerk, President Pro Tem of State Senate, CongressmanMike Crapo
63.2%
State Senate Majority Leader, Lieutenant Governor, GovernorJim Risch
63.2%
State House, CongressmanChuck Grassley
63.2%
Senate Staff, Congressional Administrative Assistant, CongressmanPat Roberts
63.2%
County board of Commissioners, State House, State Senate, CongresswomanDebbie Stabenow
63.2%
Political Counsel, State House, CongressmanRoger Wicker
63.2%
Veterinarian, CongressmanJohn Ensign
63.2%
Sales Manager, CongressmanRichard Burr
63.2%
US Attorney, State Attorney GeneralSheldon Whitehouse
63.2%
Instructor-Air Force JAG, State House, CongressmanLindsay Graham
63.2%
State House, State Senate, Deputy States Attorney, CongressmanTim Johnson
63.2%
Legislative aide, State Railroad Director, State Municipal League, Congressman, Unsuccessful candidate for SenateJohn Thune
63.2%
Senate Legislative Assistant, Unsuccessful candidate for Governor, Governor, US Secretary of EducationLamar Alexander
63.2%
States AttorneyPat Leahy
63.2%
Senate Staff Member, Chairman of the State Democratic Party, Unsuccessful candidate for Senate, GovernorMark Warner
63.2%
State Senate, Orthopedic surgeonJohn Barrasso
63.2%
SEC lawyer, Executive Director of State Constitutional Convention, State House, CongressmanMax Baucus
57.9%
State Tax CommissionerKent Conrad
57.9%
Bank President, GovernorJohn Hoeven
57.9%
Professor, State House, CongressmanJerry Moran
52.6%
State Insurance Director, GovernorBen Nelson
47.4%

You're not logged in!

Compare scores with friends on all Sporcle quizzes.
OR
Log In

Sporcle TV

Today on Sporcle TV


Watch our educational content, quiz creation guides, and fun videos on Sporcle TV.

Show Comments

Extras

Created Dec 1, 2010ReportNominate
Tags:State Quiz, before, senate, senator

Top Quizzes Today


Score Distribution

Your Account Isn't Verified!

In order to create a playlist on Sporcle, you need to verify the email address you used during registration. Go to your Sporcle Settings to finish the process.

Report this User

Report this user for behavior that violates our Community Guidelines.

Details: